000 00469nam a2200121Ia 4500
008 160712s9999 xx 000 0 und d
100 _aTan, Tiffany Adelaine G.
245 _cTiffany Adelaine G. Tan
_aEffects of Justice Theory on Service Recovery Satisfaction on Metro Manila Dine-in Experiences
260 _c2014
_bPhilippine Management Review
300 _avol. 21
650 _xMANAGEMENT
856 _uhttp://journals.upd.edu.ph/index.php/pmr/issue/view/420/showToc
999 _c297204
_d297204